000
00492nam a2200181Ia 4500
008
090124s9999 xx 000 0 und d
082
_b
121781
100
_a
दिघे प्रभाकर
245
_a
थारेपालट
250
_a
1
260
_c
1986
300
_a
214
600
_a
दिघे प्रभाकर
630
_a
थारेपालट
700
_a
दिघे प्रभाकर
730
_a
थारेपालट
942
_c
BOOK
999
_c
167867
_d
167867